00849cam a22002531 450000100060000000300080000600500170001400800410003103500140007203500190008604000320010504100080013704200120014508200260015710000350018324501280021826000580034630000290040450000620043365000200049565000240051565000140053970000420055330742BD-RjUL20211209051617.0190303s1916 enk i 001 0 eng  a(BD-RjUL) a(OCoLC)2825814 aDLCcIDeKNdOCoLCdDLCbeng aeng apremarc 223a270.089bNAT 19161 aMacdonald, A. J.q(Allan John)10aTrade politics and Christianity in Africa and the East /cby A. J. Macdonald ... with an introductin by Sir Harry Johnston. aLondon,aNew York : bLongmans, Green and co.,c1916. axxi, 295, [1] p.c23 cm. a"Awarded the Maitland prize at Cambridge in 1915."--Pref. 0aRace relations. 0aIndigenous peoples. 0aMissions.1 aJohnston, Harry Hamilton,d1858-1927.